[Event "Malaga-ch Seniors 15th"]
[Site "Malaga"]
[Date "2019.03.30"]
[Round "1"]
[White "Molina Mataran, Manuel"]
[Black "Cano Navas, Jose"]
[Result "1-0"]
[WhiteElo "1767"]
[BlackElo "1329"]
[PlyCount "43"]
[EventDate "2019.03.30"]
[EventType "swiss"]
[EventRounds "6"]
[EventCountry "ESP"]
[SourceTitle "EXT 2024"]
[Source "ChessBase"]
[SourceDate "2023.10.10"]
[SourceVersion "1"]
[SourceVersionDate "2023.10.10"]
[SourceQuality "1"]

1. Nf3 e6 2. c4 Nf6 3. a3 d5 4. d4 c5 5. e3 Nc6 6. Bd3 cxd4 7. exd4 Be7 8. 0-0 0-0 9. Nc3 Re8 10. Re1 a6 11. Bg5 h6 12. Be3 Bd6 13. Rc1 Bc7 14. b4 e5 15. dxe5 Nxe5 16. Nxe5 Bxe5 17. Nxd5 Nxd5 18. cxd5 b5 19. Bb1 Bb7 20. Qd3 Qxd5 21. Qh7+ Kf8 22. Bc5+ 1-0